000 00324nam a2200109Ia 4500
008 171204s9999 xx 000 0 und d
245 _aIntroductory Econometrics: A Modern Approach
245 _cJeffrey M. Wooldridge
260 _c2016
650 _xBUSINESS RESEARCH
856 _uhttp://down.ebook777.com/055/130527010X.pdf
999 _c346941
_d346941